معر ا ج سخن (Record no. 166751)

MARC details
000 -LEADER
fixed length control field 00624nam a22001937a 4500
005 - DATE AND TIME OF LATEST TRANSACTION
control field 20190807131830.0
010 ## - LCCN (DPL NO)
LC control number UR-10353
020 ## - INTERNATIONAL STANDARD BOOK NUMBER
Terms of availability 150.00
International Standard Book Number -
035 ## - SYSTEM CONTROL NUMBER
System control number U-8908
037 ## - SOURCE OF ACQUISITION
Source of stock number/acquisition DBAD/PUB
082 ## - DEWEY DECIMAL CLASSIFICATION NUMBER
Classification number 841
100 ## - MAIN ENTRY--PERSONAL NAME
Personal name عظيم ا مر و ہو ی
245 ## - TITLE STATEMENT
Title معر ا ج سخن
Statement of responsibility, etc عظيم ا مر و ہو ی
246 ## - VARYING FORM OF TITLE
Remainder of title Mehraj-e-Sukhan (Urdu)
Title proper/short title by Azeem Amrohivi
260 ## - PUBLICATION, DISTRIBUTION, ETC. (IMPRINT)
Place of publication, distribution, etc N.Delhi
Name of publisher, distributor, etc Alimi Mersia Center,
Date of publication, distribution, etc 2013 ء
270 ## - ADDRESS
Address Moosa Appartment,16,A,Zakir Nagar,Jamia Nagar,
City N.Delhi
Postal code 110025
Telephone number 09213104134
Fax number -
300 ## - PHYSICAL DESCRIPTION
Extent 208 ص
Dimensions 22 Cm(Hb)
942 ## - ADDED ENTRY ELEMENTS (KOHA)
Source of classification or shelving scheme Dewey Decimal Classification
Item type Urdu Bks
Classification part 841
Call number suffix ع ظ ی
Holdings
Withdrawn status Lost status Not for loan Collection code Home library Current library Date acquired Source of acquisition Cost, normal purchase price Full call number Barcode Copy number Cost, replacement price Koha item type
    Not For Loan Non-fiction D.B.Act.Division D.B.Act.Division 07/08/2019 DBAD/PUB 150.00 841 ع ظ ی U-8908 1 150.00 Urdu Bks

© Delhi Public Library
Hit Counter
free hit counter